Aménagement écologique et piscicole des eaux douces / (Record no. 12260)
[ view plain ]
| 000 -LEADER | |
|---|---|
| fixed length control field | 00529cam a2200193 a 4500 |
| 020 ## - INTERNATIONAL STANDARD BOOK NUMBER | |
| ISBN | 2040154485 |
| 040 ## - CATALOGING SOURCE | |
| Transcribing agency | DLC |
| 082 00 - DEWEY DECIMAL CLASSIFICATION NUMBER | |
| Classification number | 639 GAU 1982 A041 Or. |
| 100 1# - MAIN ENTRY--AUTHOR NAME | |
| Personal name | Arrignon, Jacques. |
| 245 10 - TITLE STATEMENT | |
| Title | Aménagement écologique et piscicole des eaux douces / |
| 250 ## - EDITION STATEMENT | |
| Edition statement | 3e éd. |
| 260 ## - PUBLICATION, DISTRIBUTION, ETC. (IMPRINT) | |
| Place of publication | Paris : |
| Name of publisher | Gauthier-Villars, |
| Year of publication | [1982], c1976. |
| 300 ## - PHYSICAL DESCRIPTION | |
| Number of Pages | xii, 340 p. : |
| Other physical details | ill. ; |
| Dimensions | 24 cm. |
| 500 ## - GENERAL NOTE | |
| General note | Includes index. |
| 650 #0 - SUBJECT ADDED ENTRY--TOPICAL TERM | |
| Topical Term | Fishery management |
| 650 #0 - SUBJECT ADDED ENTRY--TOPICAL TERM | |
| Topical Term | Fish culture |
| 650 #0 - SUBJECT ADDED ENTRY--TOPICAL TERM | |
| Topical Term | Freshwater ecology |
| 942 ## - ADDED ENTRY ELEMENTS (KOHA) | |
| Koha item type | ADB |
| 952 ## - LOCATION AND ITEM INFORMATION (KOHA) | |
| Withdrawn status [LOCAL, KOHA] | 0 |
| 952 ## - LOCATION AND ITEM INFORMATION (KOHA) | |
| Withdrawn status [LOCAL, KOHA] | 0 |
| 952 ## - LOCATION AND ITEM INFORMATION (KOHA) | |
| Withdrawn status [LOCAL, KOHA] | 0 |
| Permanent Location | Date acquired | Koha item type | Lost status | Barcode | Shelving location | Current Location | Full call number |
|---|---|---|---|---|---|---|---|
| Library Block A | 2017-08-11 | សៀវភៅភាសាបារាំង | A21429 | Library Block A | 639 GAU 1982 A041 Or. | ||
| Library Block A | 2017-08-11 | សៀវភៅភាសាបារាំង | A21084 | A041 | Library Block A | 639 GAU 1982 A041 Or. | |
| Library Block A | 2017-08-11 | សៀវភៅភាសាបារាំង | A21104 | A041 | Library Block A | 639 GAU 1982 A041 Or. |